Clinical Medical Surgical Nursing : Decision making reference (Record no. 159305)
[ view plain ]
| 000 -LEADER | |
|---|---|
| fixed length control field | 00427nam a2200145Ia 4500 |
| 008 - FIXED-LENGTH DATA ELEMENTS--GENERAL INFORMATION | |
| fixed length control field | 230519s9999 xx 000 0 und d |
| 020 ## - INTERNATIONAL STANDARD BOOK NUMBER | |
| International Standard Book Number | 0-7216-8532-3 |
| 041 ## - LANGUAGE CODE | |
| Language code of text/sound track or separate title | eng |
| 082 ## - DEWEY DECIMAL CLASSIFICATION NUMBER | |
| Classification number | 610.7361/GAY/DB0570 |
| 100 ## - MAIN ENTRY--PERSONAL NAME | |
| Personal name | George Gay Beverly |
| 9 (RLIN) | 180420 |
| 245 ## - TITLE STATEMENT | |
| Title | Clinical Medical Surgical Nursing : Decision making reference |
| 260 ## - PUBLICATION, DISTRIBUTION, ETC. (IMPRINT) | |
| Name of publisher, distributor, etc. | W B Saunders Company |
| Place of publication, distribution, etc. | Philadelphia |
| Date of publication, distribution, etc. | 2012 |
| 300 ## - PHYSICAL DESCRIPTION | |
| Extent | 996p |
| Withdrawn status | Lost status | Damaged status | Not for loan | Home library | Current library | Date acquired | Cost, normal purchase price | Bill number | Total Checkouts | Full call number | Barcode | Date last seen | Date last checked out | Bill Date | Koha item type | Original Barcode |
|---|---|---|---|---|---|---|---|---|---|---|---|---|---|---|---|---|
| Smt. Bakul Tambat Institute of Nursing Education | Smt. Bakul Tambat Institute of Nursing Education | 03/08/2017 | 300.00 | 859 | 2 | 610.7361 GAY DB0570 | BTIN-DB-570 | 13/09/2023 | 12/09/2023 | 03/08/2017 | Donated Book | DB0570 |